MARC

LEADER 00000nas a2200000 a 4500
001 ssj0000603
003 WaSeSS
005 20200512172242.0
006 m d
007 cr n
008 810122c19819999dcuqr p s 0 a0eng c
010 |a  81643416   |z sn 81003535  
015 |a 013356747  |2 dnb 
016 7 |a 013356747  |2 DE-101 
016 7 |a 589676-9  |2 DE-600 
016 7 |a 012416818  |2 Uk 
022 |l 0276-8186  |y 0276-8186 
032 |a 373900  |b USPS 
035 |a (WaSeSS)ssj0000603 
037 |b National Parks Conservation Association, 1300 19th St., N.W., Suite 300, Washington, DC 20036 
040 |a ONS  |b eng  |c ONS  |d NSD  |d DLC  |d NSD  |d DLC  |d OCL  |d NST  |d AIP  |d NST  |d AIP  |d NST  |d AIP  |d HUL  |d OCL  |d NST  |d DLC  |d NSD  |d NST  |d FXC  |d NSD  |d SYS  |d OCLCQ  |d TJC  |d IUL  |d GUA  |d DLC  |d CUV  |d MUQ  |d OCLCQ  |d HEBIS  |d GBVCP  |d UKMGB  |d OCLCQ  |d OCLCO  |d OCLCF  |d OCLCO  |d CUS  |d OVY  |d TPA  |d OCLCO  |d LIP  |d XFH  |d CBA  |d OCLCO  |d CSA  |d OCLCO  |d HTM  |d OCLCO  |d CPO  |d ZAS  |d AGL  |d WaSeSS 
042 |a pcc  |a nsdp 
043 |a n-us--- 
050 0 0 |a SB482.A4  |b N377 
070 0 |a 98.69  |b N21 
082 0 4 |a 333.78/3/0973 
130 0 |a National parks (Washington, D.C.) 
210 0 |a Natl. parks  |b (Washington, D.C.) 
222 0 |a National parks  |b (Washington, D.C.) 
245 1 0 |a National parks  |h [electronic resource]. 
260 |a [Washington, D.C.] :  |b [National Parks & Conservation Association],  |c [©1980]- 
310 |a Quarterly,  |b 2004- 
321 |a Monthly,  |b 1981-June 1981 
321 |a Bimonthly,  |b July/Aug. 1981-2003 
362 0 |a [Vol. 55, no. 1] (Jan. 1981)- 
500 |a Title from cover. 
506 |a License restrictions may limit access. 
550 |a Published by: 1981-1999, National Parks and Conservation Association; 2000-, National Parks Conservation Association. 
588 |a Latest issue consulted: Vol. 81, no. 1 (winter 2007). 
650 0 |a National parks and reserves  |z United States  |v Periodicals. 
650 0 |a Conservation of natural resources  |z United States  |v Periodicals. 
650 0 |a Nature conservation  |x Law and legislation  |z United States  |v Periodicals. 
650 6 |a Conservation des ressources naturelles  |z États-Unis  |v Périodiques. 
650 6 |a Parcs nationaux  |z États-Unis  |v Périodiques. 
650 7 |a Conservation of natural resources.  |2 fast  |0 (OCoLC)fst00875502 
650 7 |a National parks and reserves.  |2 fast  |0 (OCoLC)fst01033642 
650 7 |a Nature conservation  |x Law and legislation.  |2 fast  |0 (OCoLC)fst01034646 
651 7 |a United States.  |2 fast  |0 (OCoLC)fst01204155 
655 0 |a Electronic journals. 
710 2 |a National Parks and Conservation Association. 
710 2 |a National Parks Conservation Association. 
776 1 |t National parks  |w (OCoLC)7316417 
780 0 0 |t National parks & conservation magazine  |x 0027-9870  |w (DLC)sc 76000443  |w (OCoLC)1118740 
850 |a AAP  |a ArU  |a AzU  |a CLSU  |a CSfA  |a CSt  |a CU-A  |a CU-Riv  |a CU-S  |a CU-SB  |a CaAEU  |a CaOLU  |a CaQMU  |a CaSRU  |a CoFS  |a CoU  |a CtNlC  |a CtU  |a DGW  |a DLC  |a DeU  |a FU  |a GASU  |a ICU  |a ICarbS  |a INS  |a IEN  |a IU  |a IaAS  |a In  |a InLP  |a InU  |a KyLoU  |a KyU  |a KyU-ASC  |a LU  |a MBU  |a MMeT  |a MU  |a MWelC  |a MdU MiDW  |a MiEM  |a MiU  |a MnSU  |a MnU  |a MoKL  |a MoKU  |a MoU  |a MsSM  |a MsU  |a N  |a NBC  |a NBuC  |a NNC  |a NcD  |a NcRS  |a NcU  |a NcWsW  |a NdU  |a NhU  |a NjR  |a NmU  |a OCU  |a OU  |a OkS  |a OkU  |a OrU  |a PPD  |a PPT  |a PPi  |a PPiU  |a PSt  |a ScU  |a TU  |a TxCM  |a TxDaM  |a TxLT  |a ULA  |a UU  |a ViBlbV  |a ViU  |a ViW  |a VtU  |a WU  |a Wa  |a WaU  |a WvU  |a WyU 
853 3 3 |8 1  |a v.  |b no.  |u 12  |v r  |i (year)  |j (month)  |w m 
853 3 3 |8 2  |a v.  |b no.  |u 6  |v r  |i (year)  |j (month/month)  |w b 
853 2 0 |8 3  |a v.  |b no.  |u 4  |v r  |i (year)  |j (season)  |w q 
856 4 0 |z Full text available from Research Library: 07/01/1991 to 12/31/2017  |u https://search.proquest.com/publication/47260 
856 4 0 |z Full text available from Research Library: 01/01/2019 to present  |u https://search.proquest.com/publication/47260 
863 4 0 |8 1.1  |a 55  |b 1  |i 1981  |j 01 
863 4 0 |8 2.1  |a <77>  |b <11/12>  |i <2003>  |j <11/12> 
863 4 1 |8 3.1  |a <78>  |b <2>  |i <2004>  |j <21>